Mario's Mayan journey / (Record no. 9969)

MARC details
000 -LEADER
fixed length control field 00891nam a22002777a 4500
001 - CONTROL NUMBER
control field 9969
003 - CONTROL NUMBER IDENTIFIER
control field FISKH
005 - DATE AND TIME OF LATEST TRANSACTION
control field 20260320085957.0
008 - FIXED-LENGTH DATA ELEMENTS--GENERAL INFORMATION
fixed length control field 260320b cb ||||| |||| 00| 0 eng d
020 ## - INTERNATIONAL STANDARD BOOK NUMBER
International Standard Book Number 9781572552036
040 ## - CATALOGING SOURCE
Original cataloging agency FISKH
Language of cataloging eng
Transcribing agency FISKH
Modifying agency FISKH
050 ## - LIBRARY OF CONGRESS CALL NUMBER
Classification number PZ7 .M478415 .M
082 ## - DEWEY DECIMAL CLASSIFICATION NUMBER
Classification number 813
100 ## - MAIN ENTRY--PERSONAL NAME
Personal name McCunney, Michelle
Relator term Author
245 ## - TITLE STATEMENT
Title Mario's Mayan journey /
Statement of responsibility, etc. by Michelle McCunney
260 ## - PUBLICATION, DISTRIBUTION, ETC.
Place of publication, distribution, etc. New York :
Name of publisher, distributor, etc. MONDO Publishing ,
Date of publication, distribution, etc. 1996
300 ## - PHYSICAL DESCRIPTION
Extent 31 pages :
Other physical details color illustrations ;
Dimensions 28 cm
505 ## - FORMATTED CONTENTS NOTE
Formatted contents note R<br/>
520 ## - SUMMARY, ETC.
Summary, etc. A young Mexican dreams that he meets two Mayan children and together they visit ancient ruins in the jungles of the Yucátan Peninsula.
521 8# - TARGET AUDIENCE NOTE
Target audience note 740<br/>
Source Lexile<br/>
521 8# - TARGET AUDIENCE NOTE
Target audience note R<br/>
Source Raz-Plus<br/>
650 ## - SUBJECT ADDED ENTRY--TOPICAL TERM
Topical term or geographic name entry element Jungles of the Yucatan
Form subdivision Picture book
650 ## - SUBJECT ADDED ENTRY--TOPICAL TERM
Topical term or geographic name entry element Ancient Maya
Form subdivision Ancient ruins
942 ## - ADDED ENTRY ELEMENTS (KOHA)
Source of classification or shelving scheme Dewey Decimal Classification
Koha item type Books
Suppress in OPAC No
Holdings
Withdrawn status Lost status Source of classification or shelving scheme Damaged status Not for loan Collection Home library Current library Shelving location Date acquired Total Checkouts Full call number Barcode Date last seen Copy number Price effective from Koha item type
    Dewey Decimal Classification     Juvenile Fiction Footprints International School Library Network Toul Tom Poung Campus Footprints International School Library Network Toul Tom Poung Campus TTP Primary Orange Bookshelves 03/20/2026   MCC 813 PZ7 .M478415 .M FIS02738 03/20/2026 1 03/20/2026 Books